| 000 | 01112 a2200277 4500 | ||
|---|---|---|---|
| 001 | 2162214035926813 | ||
| 003 | UA-OsUOA | ||
| 005 | 20260513125040.0 | ||
| 008 | 260513b un ||||| |||| 00| f ukr d | ||
| 020 | _a5772007467 | ||
| 040 |
_aUA-OsUOA _bukr _cUA-OsUOA _dUA-OsUOA |
||
| 041 | _aukr | ||
| 080 | _a821.161.2(73) | ||
| 090 |
_a821.161.2(73) _bК26 |
||
| 100 |
_aКарр Д. Д. _925225 |
||
| 245 |
_aБезтілесна людина _bроман _cз англ. перекл. Андрій Єзса |
||
| 260 |
_bМолодь _c1991 _aКиїв |
||
| 300 | _a176 с. | ||
| 490 | _aДетектив-Пригоди-Фантастика | ||
| 520 | _aОригінальна варіація визнаного майстра детективного жанру на класичну тему "вбиство у замкненій кімнаті". | ||
| 651 |
_a82 Література. Літературознавство _925226 |
||
| 700 | 1 |
_aЄзса А. _925227 |
|
| 942 |
_cBK _2udc |
||
| 955 | _a3 | ||
| 999 |
_c580695 _d580695 |
||